000
00358nam a2200169Ia 4500
100
_a
Forouzan/B.A
650
_a
communication and networking
250
_a
5
942
_c
BK
366
_f
20
245
_a
Datacommunication and networking
260
_b
McGraw Hill
_c
2013
082
_a
4.65
_b
FOR
300
_a
1226
546
_a
ENGLISH
999
_c
32003
_d
32003